000
00313nam a2200121Ia 4500
008
230303s9999 xx 000 0 und d
041
_a
eng
082
_a
610.28 ATT
100
_a
ATTWOOD (TERESA K.) Smith (David J. Parry)
245
_a
Introduction to bioinformatics
260
_a
India
_b
PEARSON
365
_c
RS
999
_c
180484
_d
180484